000 01175nam a2200385 c 4500
999 _c50170
_d50170
001 50170
003 ES-MaCES
005 20171102103135.0
008 171102s2017 sp || 000 ||spa d
017 _aM 25512-2017
_bDL
020 _a9788416894864
040 _aES-MaCES
_bspa
_cES-MaCES
100 1 _aFreire, Bartolomé
_938671
245 1 3 _aLa jubilación
_b: una nueva oportunidad
_cBartolomé Freire ; prólogo de Michael Maccoby
250 _a1ª ed
260 _aMadrid [etc.]
_bLID
_c2017
300 _a222 p.
_c22 cm
490 1 _aColección Acción Empresarial
541 _cCompra
650 4 _ajubilación
_928360
650 4 _ajubilado
_929257
650 4 _aestilo de vida
_929385
650 4 _asistema de valores
_929392
650 4 _agestión de tiempo
_930359
650 4 _acomportamiento
_927271
650 4 _aadaptabilidad
_927278
650 4 _aentrevista
_928852
650 4 _aestudio de casos
_928846
650 4 _ainvestigación sociológica
_927260
653 1 0 _aSeguridad Social
700 1 _aMaccoby, Michael
_938672
_epr.
830 0 _aColección Acción Empresarial
_934388
902 _aLIB Libro
942 _2CES
_cBK
_h3.0.